Strength of Materials (Record no. 1169)

MARC details
000 -LEADER
fixed length control field 00406nam a22001697a 4500
005 - DATE AND TIME OF LATEST TRANSACTION
control field 20160520105252.0
008 - FIXED-LENGTH DATA ELEMENTS--GENERAL INFORMATION
fixed length control field 160520b xxu||||| |||| 00| 0 eng d
020 ## - INTERNATIONAL STANDARD BOOK NUMBER
ISBN 81-219-2822-2
041 ## - LANGUAGE CODE
Language code of text/sound track or separate title eng
082 ## - DEWEY DECIMAL CLASSIFICATION NUMBER
Item number 3406
100 ## - MAIN ENTRY--AUTHOR NAME
Personal name Khurmi R.S.
245 ## - TITLE STATEMENT
Title Strength of Materials
260 ## - PUBLICATION, DISTRIBUTION, ETC. (IMPRINT)
Place of publication New Delhi
Name of publisher Sultan Chand & Sons.
300 ## - PHYSICAL DESCRIPTION
Number of Pages 862
650 ## - SUBJECT ADDED ENTRY--TOPICAL TERM
Topical Term DIPLOMA ENGINEERING
942 ## - ADDED ENTRY ELEMENTS (KOHA)
Koha item type Books
Holdings
Lost status Damaged status Home library Current library Shelving location Date acquired Cost, normal purchase price Full call number Accession Number Koha item type
    JRU Library   SHELF-42-I 20/05/2016 545.00 3406 3406 Books
    JRU Library   SHELF-42-I 20/05/2016 545.00 3406 3407 Books
    JRU Library   SHELF-42-I 20/05/2016 545.00 3406 3408 Books
    JRU Library     20/05/2016 545.00 3406 3409 Books
    JRU Library     20/05/2016 545.00 3406 3410 Books